Implementing the action programme for nitrate vulnerable zones in Scotland (Record no. 109979)

MARC details
000 -LEADER
fixed length control field 01425cad a22002775a 4500
001 - CONTROL NUMBER
control field E148265
008 - FIXED-LENGTH DATA ELEMENTS--GENERAL INFORMATION
fixed length control field 090825s2007 xxk f s000 0 eng d
020 ## - INTERNATIONAL STANDARD BOOK NUMBER
International Standard Book Number 9780755969081
022 1# - INTERNATIONAL STANDARD SERIAL NUMBER
International Standard Serial Number 0950-2254
035 ## - SYSTEM CONTROL NUMBER
System control number (Sirsi) u148265
041 0# - LANGUAGE CODE
Language code of text/sound track or separate title eng
050 04 - LIBRARY OF CONGRESS CALL NUMBER
Classification number 614.772 $2 18
100 1# - MAIN ENTRY--PERSONAL NAME
Personal name Barnes, Andrew
245 00 - TITLE STATEMENT
Title Implementing the action programme for nitrate vulnerable zones in Scotland
Remainder of title farming practices and awareness
Medium [electronic resource]
260 ## - PUBLICATION, DISTRIBUTION, ETC.
Place of publication, distribution, etc. Edinburgh
Name of publisher, distributor, etc. Scottish Government Social Research
Date of publication, distribution, etc. 2007
505 2# - FORMATTED CONTENTS NOTE
Formatted contents note Executive summary -- Introduction -- Literature review -- Farmer attitudes and practices -- Farmer behaviour and typologies -- Conclusions and suggestions for action -- References -- Appendices
520 ## - SUMMARY, ETC.
Summary, etc. Presents the results of research into farming practice in Scotland's four Nitrate Vulnerable Zones (NVZs). NVZs were introduced as a result of The Nitrates Directive (91/676/EEC), the aim of which is to reduce existing, and prevent future, nitrate pollution from agricultural sources into the water environment.
521 ## - TARGET AUDIENCE NOTE
Target audience note Advanced
651 #4 - SUBJECT ADDED ENTRY--GEOGRAPHIC NAME
Geographic name Scotland
Chronological subdivision 1999-
690 ## - LOCAL SUBJECT ADDED ENTRY--TOPICAL TERM (OCLC, RLIN)
Topical term or geographic name as entry element ENVIRONMENTAL AND LAND CONSULTANCY-AGRIBUSINESS-AGRICULTURE
700 1# - ADDED ENTRY--PERSONAL NAME
Personal name Toma, Luiza
700 1# - ADDED ENTRY--PERSONAL NAME
Personal name Hall, Clare
700 1# - ADDED ENTRY--PERSONAL NAME
Personal name Willock, Joyce
856 40 - ELECTRONIC LOCATION AND ACCESS
Uniform Resource Identifier <a href="https://www.scotland.gov.uk/Publications/2008/01/07105336/0">https://www.scotland.gov.uk/Publications/2008/01/07105336/0</a>
Public note View the report free of charge at www.scotland.gov.uk...
942 ## - ADDED ENTRY ELEMENTS (KOHA)
Suppress in OPAC 0
Holdings
Withdrawn status Lost status Source of classification or shelving scheme Damaged status Not for loan Home library Current library Shelving location Date acquired Total Checkouts Full call number Barcode Date last seen Copy number Price effective from Koha item type
    Dewey Decimal Classification     Virtual Virtual Online 25/08/2009   ONLINE PUBLICATION 148265-2001 06/08/2019 1 06/08/2019 Book